[Event "46. National Indian Championships"]
[Site "Mangalore IND"]
[Date "2008.12.23"]
[Round "7.3"]
[White "Akshayraj, Kore"]
[Black "Thipsay, Praveen M"]
[Result "0-1"]
[WhiteElo "2400"]
[BlackElo "2444"]
[PlyCount "148"]
[EventDate "2008.12.17"]
[EventType "tourn"]
[EventRounds "13"]
[EventCountry "IND"]
[EventCategory "9"]
[Source "lmi"]
[SourceDate "2008.12.17"]

1. e4 e5 2. Nf3 Nc6 3. Bb5 a6 4. Ba4 Nf6 5. O-O Be7 6. Re1 b5 7. Bb3 d6 8. c3
O-O 9. h3 Na5 10. Bc2 c5 11. d4 Qc7 12. Nbd2 cxd4 13. cxd4 Bd7 14. Nf1 Rac8 15.
Ne3 Nc6 16. d5 Nb4 17. Bb1 a5 18. a3 Na6 19. b4 axb4 20. axb4 Ra8 21. Bd2 Qb7
22. Bd3 Nc7 23. g4 Rxa1 24. Qxa1 Re8 25. Nf5 Bxf5 26. gxf5 Ra8 27. Qb2 Bd8 28.
Nxe5 dxe5 29. Qxe5 Nce8 30. Be3 Bc7 31. Qb2 Nd7 32. Qe2 Ne5 33. Bb1 Nc4 34. Bc5
Be5 35. Bd3 Ned6 36. Rf1 Re8 37. f4 Bf6 38. Qg2 Qd7 39. e5 Nxe5 40. fxe5 Bxe5
41. f6 g6 42. h4 Kh8 43. h5 Rg8 44. hxg6 fxg6 45. Qe2 Nf7 46. Bxb5 Qh3 47. Rf3
Qh4 48. Qf2 Qg4+ 49. Qg2 Qe4 50. Rf2 Qh4 51. Rd2 Ng5 52. Bf1 Bh2+ 53. Qxh2 Nf3+
54. Kh1 Nxh2 55. Rxh2 Qxf6 56. Rf2 Qh4+ 57. Kg1 Rd8 58. d6 Qg3+ 59. Rg2 Qe5 60.
Re2 Qd5 61. Rf2 Rxd6 62. Bxd6 Qxd6 63. b5 Qd4 64. Kg2 Kg7 65. Be2 h5 66. Bf3
Qb4 67. Bc6 g5 68. Re2 h4 69. Kh3 Qb3+ 70. Kh2 g4 71. Rg2 Qh3+ 72. Kg1 Qe3+ 73.
Kh2 Qf4+ 74. Kh1 g3 0-1

[Event "46. National Indian Championships"]
[Site "Mangalore IND"]
[Date "2008.12.23"]
[Round "7.4"]
[White "Deepan, Chakkravarthy J"]
[Black "Konguvel, Ponnuswamy"]
[Result "1/2-1/2"]
[WhiteElo "2464"]
[BlackElo "2463"]
[PlyCount "87"]
[EventDate "2008.12.17"]
[EventType "tourn"]
[EventRounds "13"]
[EventCountry "IND"]
[EventCategory "9"]
[Source "lmi"]
[SourceDate "2008.12.17"]

1. e4 c5 2. Nf3 g6 3. d4 cxd4 4. Nxd4 Nc6 5. Nc3 Bg7 6. Be3 Nf6 7. Bc4 O-O 8.
Bb3 d6 9. f3 Bd7 10. Qd2 Nxd4 11. Bxd4 b5 12. a4 b4 13. Nd5 Nxd5 14. exd5 Bxd4
15. Qxd4 Qa5 16. O-O Rac8 17. Rfe1 Rfe8 18. Re4 Bf5 19. Qxb4 Qxb4 20. Rxb4 Bxc2
21. a5 Bxb3 22. Rxb3 e6 23. Re1 exd5 24. Rxe8+ Rxe8 25. Rb5 d4 26. Rd5 Rb8 27.
Rxd4 Rxb2 28. Rxd6 Rb5 29. Ra6 Rb7 30. g4 Kg7 31. Kf2 Re7 32. h4 h6 33. Kg3 Rc7
34. Kf4 Re7 35. Rc6 Kh7 36. Rd6 Kg7 37. Rc6 Kh7 38. Rc5 Kg7 39. Rd5 Kf6 40.
Rd6+ Kg7 41. h5 Kh7 42. hxg6+ fxg6 43. Kg3 g5 44. a6 1/2-1/2

[Event "46. National Indian Championships"]
[Site "Mangalore IND"]
[Date "2008.12.23"]
[Round "7.5"]
[White "Sriram, Jha"]
[Black "Rathnakaran, K."]
[Result "0-1"]
[WhiteElo "2458"]
[BlackElo "2458"]
[PlyCount "106"]
[EventDate "2008.12.17"]
[EventType "tourn"]
[EventRounds "13"]
[EventCountry "IND"]
[EventCategory "9"]
[Source "lmi"]
[SourceDate "2008.12.17"]

1. d4 Nf6 2. c4 c5 3. d5 e6 4. Nc3 exd5 5. cxd5 d6 6. Nf3 g6 7. g3 Bg7 8. Bg2
O-O 9. O-O Re8 10. Bf4 a6 11. a4 h6 12. Re1 g5 13. Bd2 Bf5 14. h4 Nh7 15. hxg5
hxg5 16. e4 Bg6 17. Qc1 f6 18. Rb1 Nd7 19. b4 b6 20. bxc5 bxc5 21. Qc2 Re7 22.
Rb7 Nhf8 23. Reb1 Qe8 24. Nh2 Qf7 25. g4 Bh7 26. Nf1 Ng6 27. Ne3 Nde5 28. Rxe7
Qxe7 29. Nf5 Qd7 30. f3 Nh4 31. Nxh4 gxh4 32. Kf2 c4 33. Be3 Re8 34. Bh3 Qe7
35. Bg2 f5 36. gxf5 Bxf5 37. Kg1 Bc8 38. Qd2 h3 39. Bh1 Qf6 40. Rf1 Nd3 41. Ne2
h2+ 42. Kxh2 Rxe4 43. fxe4 Qxf1 44. Bd4 Qh3+ 45. Kg1 Bh6 46. Qa5 Be3+ 47. Bxe3
Qxe3+ 48. Kh2 Qxe2+ 49. Bg2 Qh5+ 50. Kg1 Qg4 51. Qd8+ Kf7 52. e5 Qd4+ 53. Kh1
Qa1+ 0-1

[Event "46. National Indian Championships"]
[Site "Mangalore IND"]
[Date "2008.12.23"]
[Round "7.6"]
[White "Ganguly, Surya Shekhar"]
[Black "Neelotpal, Das"]
[Result "1/2-1/2"]
[WhiteElo "2603"]
[BlackElo "2477"]
[PlyCount "45"]
[EventDate "2008.12.17"]
[EventType "tourn"]
[EventRounds "13"]
[EventCountry "IND"]
[EventCategory "9"]
[Source "lmi"]
[SourceDate "2008.12.17"]

1. e4 c5 2. Nf3 d6 3. d4 cxd4 4. Nxd4 Nf6 5. Nc3 Nc6 6. Bg5 e6 7. Qd2 Be7 8.
O-O-O Qb6 9. Be3 Ng4 10. Nxc6 Nxe3 11. Nxe7 Nxd1 12. Na4 Qxf2 13. Qxd6 Bd7 14.
Nc5 Ne3 15. Qxd7+ Kf8 16. Bd3 Qxg2 17. Qd6 Qxh1+ 18. Kd2 Qg2+ 19. Kc3 Qg5 20.
Nc8+ Kg8 21. Ne7+ Kf8 22. Nc8+ Kg8 23. Ne7+ 1/2-1/2

[Event "46. National Indian Championships"]
[Site "Mangalore IND"]
[Date "2008.12.25"]
[Round "8.1"]
[White "Rathnakaran, K."]
[Black "Ganguly, Surya Shekhar"]
[Result "1/2-1/2"]
[WhiteElo "2458"]
[BlackElo "2603"]
[PlyCount "269"]
[EventDate "2008.12.17"]
[EventType "tourn"]
[EventRounds "13"]
[EventCountry "IND"]
[EventCategory "9"]
[Source "lmi"]
[SourceDate "2008.12.17"]

1. e4 c5 2. Nf3 Nc6 3. Bb5 g6 4. O-O Bg7 5. Re1 e5 6. c3 Nge7 7. d4 cxd4 8.
cxd4 Nxd4 9. Nxd4 exd4 10. Na3 O-O 11. Bg5 h6 12. Bh4 d6 13. f4 Qc7 14. Rc1 Nc6
15. Bxc6 bxc6 16. Nb5 Qb6 17. Nxd6 d3+ 18. Kh1 Qd4 19. Nc4 Re8 20. Re3 Ba6 21.
Rxd3 Qxe4 22. Re3 Qxf4 23. Bg3 Qd4 24. Rd3 Qe4 25. Re3 Qd4 26. Rd3 Qe4 27. Re3
Qd5 28. Rd3 Qg5 29. h4 Qf5 30. Rf3 Qg4 31. Qb3 Bxc4 32. Rxc4 Qe6 33. Qc2 Rad8
34. b3 Qe2 35. Qxe2 Rxe2 36. Rxc6 Rxa2 37. Rc7 Rd1+ 38. Kh2 Raa1 39. Rc8+ Kh7
40. Bd6 Rf1 41. Rc7 Rxf3 42. gxf3 Ra6 43. Bg3 Kg8 44. Rc8+ Kh7 45. Rc7 Rf6 46.
Kg2 a6 47. b4 Bf8 48. Rb7 Rf5 49. Rb6 Rb5 50. Rxa6 Bxb4 51. Ra2 Bc3 52. Ra7 Kg7
53. Rd7 Bf6 54. Ra7 Rb4 55. Kh3 Rc4 56. Rb7 Ra4 57. Rd7 Ra5 58. Rb7 Rh5 59. Rb4
Ra5 60. Rb7 Rf5 61. Kg2 Rd5 62. Kh3 Bd8 63. Kg2 Kf6 64. Bf4 Kg7 65. Bg3 h5 66.
Kh3 Kf6 67. Ra7 Ke6 68. Ra6+ Kf5 69. Ra4 f6 70. Re4 g5 71. hxg5 fxg5 72. Re2
Bf6 73. Kg2 Rb5 74. Rc2 Bd4 75. Rd2 Be3 76. Ra2 Bb6 77. Re2 Rb3 78. Re5+ Kf6
79. Re2 h4 80. Bh2 Kf5 81. Re5+ Kg6 82. Rd5 Kf6 83. Rd6+ Kf5 84. Rd5+ Kg6 85.
Rd2 Kh5 86. Rc2 Ba7 87. Ra2 h3+ 88. Kxh3 g4+ 89. Kg2 gxf3+ 90. Kh3 Bb6 91. Ra1
Kg5 92. Bg3 Kf5 93. Ra8 Ke4 94. Re8+ Kd3 95. Kg4 f2 96. Bxf2 Bxf2 97. Rd8+ Bd4
98. Re8 Rb1 99. Kf5 Rf1+ 100. Ke6 Rg1 101. Kf5 Rf1+ 102. Ke6 Re1+ 103. Kd7 Be5
104. Kc6 Ke4 105. Rd8 Rc1+ 106. Kb5 Bd4 107. Rg8 Bf6 108. Rf8 Ke5 109. Rf7 Ke6
110. Rf8 Be5 111. Rf3 Kd5 112. Rf5 Rb1+ 113. Ka5 Kd4 114. Ka6 Bd6 115. Rb5 Rh1
116. Kb6 Rh6 117. Rb1 Bc5+ 118. Kc7 Kd5 119. Rd1+ Bd4 120. Rd2 Rh7+ 121. Kd8
Ke5 122. Kc8 Bc5 123. Rd7 Rh1 124. Rg7 Kd5 125. Kd7 Bd6 126. Ke8 Rh8+ 127. Kf7
Rf8+ 128. Kg6 Ke6 129. Kh5 Be5 130. Rg6+ Kf5 131. Rg5+ Ke4 132. Kg6 Rf6+ 133.
Kh7 Ra6 134. Rh5 Kf4 135. Kg8 1/2-1/2

[Event "46. National Indian Championships"]
[Site "Mangalore IND"]
[Date "2008.12.25"]
[Round "8.2"]
[White "Konguvel, Ponnuswamy"]
[Black "Sriram, Jha"]
[Result "1/2-1/2"]
[WhiteElo "2463"]
[BlackElo "2458"]
[PlyCount "102"]
[EventDate "2008.12.17"]
[EventType "tourn"]
[EventRounds "13"]
[EventCountry "IND"]
[EventCategory "9"]
[Source "lmi"]
[SourceDate "2008.12.17"]

1. e4 e5 2. Nf3 Nc6 3. Bb5 a6 4. Ba4 Nf6 5. O-O Be7 6. Re1 b5 7. Bb3 d6 8. c3
O-O 9. h3 Na5 10. Bc2 d5 11. d3 dxe4 12. dxe4 Qxd1 13. Rxd1 Bb7 14. Nbd2 Rfd8
15. Re1 Bd6 16. b4 Nc6 17. a4 Nd7 18. axb5 axb5 19. Rxa8 Rxa8 20. Bd3 Ba6 21.
Nb1 Nd8 22. Na3 Rb8 23. Be3 Kf8 24. Ra1 c6 25. Be2 Bb7 26. Rd1 Ke7 27. Nh4 g6
28. Bg4 Ne6 29. g3 Ra8 30. Bc1 Nf6 31. Bf3 Nc7 32. Nc2 Ra2 33. Ne3 Bc8 34. Ng4
Nxg4 35. Bxg4 Bxg4 36. hxg4 Ne6 37. Ng2 Bc7 38. Be3 Rc2 39. Rd3 Ra2 40. f4 Ra1+
41. Kf2 Ra2+ 42. Kf3 f6 43. Rd1 Rc2 44. Rd3 Ke8 45. Nh4 exf4 46. gxf4 Rh2 47.
Ng2 Rh3+ 48. Kf2 g5 49. f5 Nd8 50. Rd1 Nf7 51. Bd4 Be5 1/2-1/2

[Event "46. National Indian Championships"]
[Site "Mangalore IND"]
[Date "2008.12.25"]
[Round "8.3"]
[White "Thipsay, Praveen M"]
[Black "Deepan, Chakkravarthy J"]
[Result "1/2-1/2"]
[WhiteElo "2444"]
[BlackElo "2464"]
[PlyCount "85"]
[EventDate "2008.12.17"]
[EventType "tourn"]
[EventRounds "13"]
[EventCountry "IND"]
[EventCategory "9"]
[Source "lmi"]
[SourceDate "2008.12.17"]

1. e4 c5 2. Nf3 d6 3. d4 cxd4 4. Nxd4 Nf6 5. Nc3 Nc6 6. Be2 e5 7. Nf3 h6 8. O-O
Be7 9. Re1 O-O 10. Bf1 Bg4 11. h3 Bh5 12. Be2 Rc8 13. a3 Qb6 14. Be3 Qc7 15.
Nh2 Bg6 16. Bd3 Kh8 17. Ng4 Nh7 18. Nd5 Qd8 19. c3 Ng5 20. Qc2 Qe8 21. Nxe7
Qxe7 22. Rad1 a6 23. Bxg5 Qxg5 24. Qb3 Rc7 25. Qb6 Qd8 26. Ne3 Ne7 27. Bb1 Rc6
28. Qxd8 Rxd8 29. Rd2 f6 30. Nd5 Nc8 31. Nb4 Rc4 32. f3 Bf7 33. Ba2 Rc7 34.
Bxf7 Rxf7 35. Nd5 g6 36. Ne3 Nb6 37. Red1 Rfd7 38. b3 Kg7 39. a4 Kf7 40. a5 Nc8
41. Nd5 Ke6 42. Kf2 Ne7 43. Nxe7 1/2-1/2

[Event "46. National Indian Championships"]
[Site "Mangalore IND"]
[Date "2008.12.25"]
[Round "8.4"]
[White "Thejkumar, M  S."]
[Black "Akshayraj, Kore"]
[Result "0-1"]
[WhiteElo "2441"]
[BlackElo "2400"]
[PlyCount "80"]
[EventDate "2008.12.17"]
[EventType "tourn"]
[EventRounds "13"]
[EventCountry "IND"]
[EventCategory "9"]
[Source "lmi"]
[SourceDate "2008.12.17"]

1. d4 d6 2. Nf3 Nf6 3. Bg5 Nbd7 4. c3 h6 5. Bf4 g5 6. Bg3 Bg7 7. Nbd2 Nh5 8. e4
e6 9. Bd3 O-O 10. Ng1 Nxg3 11. hxg3 c5 12. Ne2 b5 13. Bxb5 Rb8 14. Bd3 cxd4 15.
cxd4 d5 16. exd5 e5 17. O-O exd4 18. Nc4 Nc5 19. d6 Ba6 20. Rb1 Nxd3 21. Qxd3
Qxd6 22. Rfd1 Qe6 23. b3 Rbd8 24. Rbc1 Rfe8 25. Rd2 Bb7 26. f3 h5 27. a4 Qe7
28. Na5 Ba6 29. Nc4 Qb4 30. Qc2 Qe7 31. Qd3 Rd5 32. Kf1 Re5 33. Qc2 Bxc4 34.
Qxc4 Re3 35. Kf2 Rxf3+ 36. gxf3 Qe3+ 37. Kg2 Qxd2 38. Rc2 Qd1 39. Qb5 Re5 40.
Qc4 d3 0-1

[Event "46. National Indian Championships"]
[Site "Mangalore IND"]
[Date "2008.12.25"]
[Round "8.6"]
[White "Shyam, Sundar M"]
[Black "Adhiban, B."]
[Result "1/2-1/2"]
[WhiteElo "2402"]
[BlackElo "2439"]
[PlyCount "90"]
[EventDate "2008.12.17"]
[EventType "tourn"]
[EventRounds "13"]
[EventCountry "IND"]
[EventCategory "9"]
[Source "lmi"]
[SourceDate "2008.12.17"]

1. e4 c5 2. Nf3 d6 3. d4 cxd4 4. Nxd4 Nf6 5. Nc3 Nc6 6. Bg5 e6 7. Qd2 a6 8.
O-O-O h6 9. Bf4 Bd7 10. Nb3 Ne5 11. f3 b5 12. Kb1 Qc7 13. Bd3 Be7 14. h4 Rb8
15. Ne2 Nc4 16. Bxc4 bxc4 17. Nbc1 e5 18. Be3 d5 19. exd5 Ba3 20. b3 Bf5 21. d6
Qc6 22. Ka1 O-O 23. c3 cxb3 24. axb3 Bxc1 25. Nxc1 Nd5 26. c4 Nb4 27. Qc3 Nc2+
28. Ka2 a5 29. g4 Bh7 30. Rh2 Nb4+ 31. Kb2 Qxf3 32. Rhd2 a4 33. d7 Rfd8 34.
Qxe5 a3+ 35. Kc3 a2 36. Nxa2 Nxa2+ 37. Kb2 Qa8 38. Ra1 Qb7 39. Qb5 Qc7 40. Qc5
Qb7 41. Qb5 Qxb5 42. cxb5 Nb4 43. Bf4 Nd3+ 44. Rxd3 Bxd3 45. Bxb8 Bxb5 1/2-1/2